Diseño de un mini–acueducto por gravedad (MAG) y saneamiento para las comunidades las lajas y el guásimo, Municipio de pueblo nuevo, departamento de Estelí

El diseño del sistema de abastecimiento de agua potable y saneamiento en las comunidades Las Lajas y El Guasimo municipio de Pueblo Nuevo departamento de Estelí. Para dar solución a la problemática actual de las mismas. En él se plantean y se analizan las características técnicas y económica...

Full description

Bibliographic Details
Main Authors: Zelaya Zamora, Hermógenes Yamil, Valenzuela Centeno, Eliar René
Other Authors: Tutor: Hernández Durán, Noé Salatiel
Format: Tesis Section = Libro
Language:Undetermined
Spanish
Published: Managua UNI/RUACS 2019
Subjects:
LEADER 01623nam a2200289Ia 4500
008 240830s9999 xx 000 0 und d
040 |a BIBLIOTECA-RUPAP Mon 628.15 Z49 
041 |a spa 
082 |a Mon 628.15 Z49 
100 1 |a Zelaya Zamora, Hermógenes Yamil 
100 1 |b  Valenzuela Centeno, Eliar René 
245 1 0 |a Diseño de un mini–acueducto por gravedad (MAG) y saneamiento para las comunidades las lajas y el guásimo, Municipio de pueblo nuevo, departamento de Estelí 
260 |a Managua  |b UNI/RUACS  |c 2019 
300 |a 77 p. :il. 
500 |a Contiene: anexos y CD. 
502 |a Tesis (Ingeniero Civil)- UNI, 2019. 
520 3 |a El diseño del sistema de abastecimiento de agua potable y saneamiento en las comunidades Las Lajas y El Guasimo municipio de Pueblo Nuevo departamento de Estelí. Para dar solución a la problemática actual de las mismas. En él se plantean y se analizan las características técnicas y económicas de las diferentes alternativas de solución tomando en consideración; capacidad de las fuentes de abastecimiento disponibles, el tratamiento para la calidad de agua, capacidad y regulación y de distribución, para llegar a definir una solución técnica más conveniente. 
650 7 |a ACUEDUCTOS LAS LAJAS Y EL GUASIMO (PUEBLO NUEVO ESTELI) 
650 7 |b ACUEDUCTOS-DISEÑO Y CONSTRUCCION 
650 7 |c SUMINISTRO DE AGUA 
650 7 |d  CONSUMO DE AGUA 
650 7 |e CALIDAD DE AGUA 
650 7 |f SISTEMA DE AGUA POTABLE-COSTOS 
700 1 |a Tutor:  |b Hernández Durán, Noé Salatiel 
942 |c BK  |2 ddc 
991 |a TESIS 
999 |c 16260